Ordenación territorial: desarrollo de predios y comunas rurales

Na minha lista:
Detalhes bibliográficos
Main Authors: Gastó Coderch, Juan (autor), Rodrigo, Patricio (Author), Aránguiz, Ivonne (Author)
Formato: Livro
Idioma:espanhol
Publicado em: Santiago Pontificia Universidad Católica de Chile Facultad de Agronomía e Ingeniería Forestal 2002
Santiago Lom 2002
Colecção:Monografías de Ecología y Territorio
Assuntos:
Tags: Adicionar Tag
Sem tags, seja o primeiro a adicionar uma tag!

MARC

LEADER 00000cam a2200000 a 4500
001 UCF9595
003 CL-VaPUC
008 131129e20020000cl |||||||||||||||||spa|d
020 |a 956825000X 
082 0 4 |a 577.55  |b GAS  |2 21 
100 |a Gastó Coderch, Juan  |e autor  |9 757199 
700 0 |a Rodrigo, Patricio  |e author  |9 571973 
700 0 |a Aránguiz, Ivonne  |e author  |9 571974 
245 1 0 |a Ordenación territorial: desarrollo de predios y comunas rurales 
300 |a 995 p 
942 |c BK 
945 |d 20131129 12:34:00  |a dcastane 
260 |a Santiago  |b Pontificia Universidad Católica de Chile Facultad de Agronomía e Ingeniería Forestal  |c 2002 
260 |a Santiago  |b Lom  |c 2002 
650 0 |a Ordenación territorial  |9 499134 
650 0 |a Zonas rurales  |9 317366 
583 |a last modification  |c 20131129 12:34:00  |k Rodrigo Vera 
490 0 |a Monografías de Ecología y Territorio 
999 |c 354038  |d 354036 
952 |0 0  |1 0  |3 erb  |4 0  |6 577_550000000000000_GAS_2002_2002  |7 0  |8 A  |9 459670  |a BIBING  |b BIBING  |i 502935K  |o 577.55 GAS 2002 2002  |p 502935K  |r 2025-01-20  |w 2019-11-23  |y BK  |z Catalogado en:20131129  |k GEO